| 000 | 01274njm a22003017a 4500 | ||
|---|---|---|---|
| 005 | 20100901115333.0 | ||
| 006 | a|||||r|||||00| 0 | ||
| 007 | sd ammalaaahaa | ||
| 008 | 100901t xxu||||| |||| 00| 0 eng d | ||
| 028 |
_aN 55778 _bHis Master's Voice |
||
| 035 | _aGR-02001 | ||
| 040 |
_aSED _cSED |
||
| 100 |
_aMangeshkar, Lata _917891 |
||
| 245 |
_aKhamoshi / _cby Lata Mangeshkar [and] Gitanjali ; music by Hemant Kumar ; lyrices by Gulza _h[Sound recording] |
||
| 246 | _aख़ामोशी / लता मंगेशकर | ||
| 260 |
_aDUM DUM, India _bHis Master's Voice _c1969 |
||
| 300 |
_a1 Sound disc [Gramophone Recording] : _banalog, 33 1/3 rpm _c9.5 in. (MP) _fGramophone Record |
||
| 500 | _aBrief record | ||
| 500 | _aRecord Labels : His Master's Voice, Red | ||
| 505 | _aSide-1 हमने देखी है (Hamne dekhi hae) (Lata Mangeshkar [and] Gitanjali)--Side -2 तुम पुकार लो (Tum Pukar lo) (Hemant Kumar [and] Gitanjali) | ||
| 600 | _2Mangeshkar, Lata | ||
| 650 |
_aClassical music _xExcerpts _zIndia _917892 |
||
| 700 |
_aGitanjali _919481 |
||
| 700 |
_aHemant Kumar _919099 |
||
| 700 |
_aGulzar _919614 |
||
| 942 |
_2ddc _cGR |
||
| 999 |
_c45277 _d45277 |
||